| 000 | 01156nam a22002777i 4500 | ||
|---|---|---|---|
| 003 | EG-ScBUE | ||
| 005 | 20260513084120.0 | ||
| 008 | 090727s1993 ua a frd 000 0 eng d | ||
| 017 | _a92 / 5544 | ||
| 020 | _a9771005464 | ||
| 040 |
_aEG-ScBUE _bara _erda _cEG-ScBUE _dEG-ScBUE |
||
| 082 | 0 | 4 |
_a573.79343 _bح س ا _222 |
| 100 | 1 |
_aحسام الدين، طلحة حسين، _eمؤلف. |
|
| 245 | 1 | 2 |
_aالميكانيكا الحيوية : _bالأسس النظرية والتطبيقية / _cالدكتور طلعت حسام الدين، أستاذ ووكيل كلية التربية الرياضية للبنين بالقاهرة. |
| 250 | _aالطبعة الأولى. | ||
| 264 | 1 |
_aالقاهرة : _bدار الفكر العربي، _c1993. |
|
| 300 |
_a464 صفحة : _bإيضاحيات ؛ _c24 سم |
||
| 336 |
_2rdacontent _aنص _btxt |
||
| 337 |
_aبدون وسيط _2rdamedia _bn |
||
| 338 |
_aمجلد _bnc _2rdacarrier |
||
| 500 | _aيشتمل على ملاحق. | ||
| 500 | _aيشتمل على قائمة بالمصطلحات. | ||
| 650 | 7 |
_98173 _aالميكانيكا الحيوية. _2BUEsh |
|
| 655 | _vReading book | ||
| 942 |
_2ddc _cBB |
||
| 999 |
_c12439 _d12439 |
||